| 000 | 00990nam a2200277 4500 | ||
|---|---|---|---|
| 003 | OSt | ||
| 005 | 20260601171014.0 | ||
| 008 | 260505b2019\\\\mx\\||||\||||\00|\0\spa\d | ||
| 040 |
_aICI _bspa _cICI _erda |
||
| 041 | _aspa | ||
| 050 |
_aF1234 _bP532019 |
||
| 245 | _aEl Plan de Ayala. | ||
| 264 |
_aMéxico : _c2019 |
||
| 300 | _a41 páginas | ||
| 336 |
_2rdacontent _atexto |
||
| 337 |
_2rdamedia _asin medio |
||
| 338 |
_2rdacarrier _avolumen |
||
| 520 | _aAnálisis del Plan de Ayala como documento clave de la Revolución Mexicana, centrado en la reforma agraria y las demandas sociales campesinas. | ||
| 650 |
_aPlan de Ayala _xHistoria. _933523 |
||
| 650 |
_aRevolución Mexicana, 1910-1917 _xFuentes. _933524 |
||
| 650 |
_aReforma agraria _xHistoria. _zMéxico _933525 |
||
| 650 |
_aCampesinos _xMovimientos sociales. _zMéxico _933526 |
||
| 650 |
_aJusticia social _xHistoria _zMéxico _933527 |
||
| 650 |
_aMéxico _xHistoria _yRevolución, 1910-1917 _933528 |
||
| 942 |
_2lcc _n1 _cB |
||
| 999 |
_c20600 _d20600 |
||